| 000 | 00477nam a2200169 a 4500 | ||
|---|---|---|---|
| 005 | 20140412111251.0 | ||
| 008 | 000822s19uu xx 00 eng d | ||
| 020 | _a0-590-96204-3 | ||
| 050 |
_aTR(PS E _bSw3 1998 |
||
| 100 | _aWood, Audrey | ||
| 245 |
_aSweet dream pie / _cAudrey Wood ; Picture by Mark Teague. |
||
| 260 |
_aNew York : _bThe Blue Sky Press, _c1998. |
||
| 300 | _a1 v. (unp.) ; ill. | ||
| 650 | _aPies-Fiction | ||
| 650 | _aDreams-Fiction | ||
| 999 |
_c103167 _d103167 |
||